Cracking coasts / (Record no. 5623)

MARC details
000 -LEADER
fixed length control field 00828nam a22002657a 4500
001 - CONTROL NUMBER
control field 5623
003 - CONTROL NUMBER IDENTIFIER
control field FISKH
005 - DATE AND TIME OF LATEST TRANSACTION
control field 20251126133255.0
008 - FIXED-LENGTH DATA ELEMENTS--GENERAL INFORMATION
fixed length control field 241220b cb ||||| |||| 00| 0 eng d
020 ## - INTERNATIONAL STANDARD BOOK NUMBER
International Standard Book Number 9781407110806
040 ## - CATALOGING SOURCE
Original cataloging agency FISKH
Language of cataloging eng
Transcribing agency FISKH
Modifying agency FISKH
050 ## - LIBRARY OF CONGRESS CALL NUMBER
Classification number GB453.G35
082 ## - DEWEY DECIMAL CLASSIFICATION NUMBER
Classification number 551.457
100 ## - MAIN ENTRY--PERSONAL NAME
Personal name Ganeri, Anita
245 ## - TITLE STATEMENT
Title Cracking coasts /
Statement of responsibility, etc. By Anita Ganeri : Illustrated By Mike Phillips
260 ## - PUBLICATION, DISTRIBUTION, ETC.
Place of publication, distribution, etc. New York :
Name of publisher, distributor, etc. Scholastic ;
Date of publication, distribution, etc. 2006.
300 ## - PHYSICAL DESCRIPTION
Extent 126 pages :
Other physical details illustrations ;
Dimensions 21 cm .
490 ## - SERIES STATEMENT
Series statement Horrible geography
520 ## - SUMMARY, ETC.
Summary, etc. Dealing with geography, this book features the Giant's Causeway, Skeleton Coast, and more.
650 ## - SUBJECT ADDED ENTRY--TOPICAL TERM
Topical term or geographic name entry element geography
Form subdivision Non-fiction
650 ## - SUBJECT ADDED ENTRY--TOPICAL TERM
Topical term or geographic name entry element coasts
Form subdivision Non-fiction
700 ## - ADDED ENTRY--PERSONAL NAME
Personal name Phillips, Mike
Relator term illustrator
942 ## - ADDED ENTRY ELEMENTS (KOHA)
Source of classification or shelving scheme Dewey Decimal Classification
Koha item type Books
Suppress in OPAC No
Holdings
Withdrawn status Lost status Source of classification or shelving scheme Damaged status Not for loan Collection Home library Current library Shelving location Date acquired Total Checkouts Full call number Barcode Date last seen Copy number Price effective from Koha item type
    Dewey Decimal Classification     Non-Fiction Footprints International School Library Network Toul Tom Poung Campus Footprints International School Library Network Toul Tom Poung Campus TTP Secondary Non-Fiction Bookshelves 12/20/2024   GAN 551.457 GB453.G35 FISSE00115 12/20/2024 1 12/20/2024 Books
    Dewey Decimal Classification     Non-Fiction Footprints International School Library Network Toul Tom Poung Campus Footprints International School Library Network Toul Tom Poung Campus TTP Secondary Non-Fiction Bookshelves 11/26/2025   GAN 551.457 GB453.G35 FIS01134 11/26/2025 2 11/26/2025 Books
    Dewey Decimal Classification     Non-Fiction Footprints International School Library Network Toul Tom Poung Campus Footprints International School Library Network Toul Tom Poung Campus TTP Secondary Non-Fiction Bookshelves 11/26/2025   GAN 551.457 GB453.G35 FIS05358 11/26/2025 3 11/26/2025 Books